Априлското въстание в Първи търновски революционен окръг 1876 (Запис номер 122010)
[ съкратено ]
| 000 -Лидер | |
|---|---|
| Контролно поле с фиксирана дължина | 01964nam a2200373 c 4500 |
| 003 - Код на организацията, давaща контролен номер | |
| Контролно поле | BLK |
| 005 - Дата и час на последна редакция | |
| Контролно поле | 20250118142210.0 |
| 008 - Елементи от данни с фиксирана дължина | |
| fixed length control field | 180409b bul|||||r ||||||| ||bul|| |
| 010 ## - Наследен системен номер | |
| LC control number | KNG00127643000 |
| 040 ## - Източник на каталожния запис | |
| Идентификатор на билиотеката - собственик на записа | BLK |
| 041 ## - Код за език | |
| Код за езика на текст/звукозапис или на отделно заглавие | Български |
| Код за езика КДБФ | Български |
| 080 ## - УДК | |
| Текстов определител УДК | Априлско въстание (1876). Четата на Хр. Ботев |
| УДК код - определител по УДК | 94(497.2)"1876" |
| УДК определител | |
| УДК - код + определител | 94(497.2)"1876" |
| 139 ## - Редно поле | |
| Редна дума | Априлското въстание в Първи търновски революционен окръг 1876 |
| Авторски знак | Апр - А 79 |
| 245 10 - Сведения за заглавието | |
| Заглавие | Априлското въстание в Първи търновски революционен окръг 1876 |
| Подзаглавни данни | Изследвания на музейните работници от Великотърновски, Габровски и Ловешки окр. по случай 100 г. то Апр. въстание |
| Редно поле (дума) | състав. Тодорка Драганова; състав. Снежина Попова; ред. Стефан Дойнов; предг. от Константин Косев. |
| 257 ## - Страна на издаване | |
| Страна на създаване/издаване | България |
| 260 ## - Област на издателските данни | |
| -- | София |
| Име на издателя, разпространителя и проч. | Наука и изкуство |
| Година на издаване | 1978 |
| Печатница | Ловеч : Хр. Кърпачев |
| 300 ## - Физическа характеристика | |
| Страници | 351 с. |
| Размери/Мащаб | 22 см |
| 380 ## - Жанр | |
| Жанр | История |
| 650 #0 - Допълнително описание по предмет – тема | |
| Основно описание – тема или топоним | България - история, Възраждане |
| 9 (RLIN) | 276607 |
| 650 #7 - Допълнително описание по предмет – тема | |
| Основно описание – тема или топоним | Априлско въстание, 1876 г. |
| Източник на редна или ключова дума | |
| 9 (RLIN) | 147292 |
| 651 #4 - Допълнително описание по предмет - топоним | |
| Географско понятие | България |
| 9 (RLIN) | 241624 |
| 653 ## - Ключова дума – ненормативна | |
| Ключова дума | Априлско въстание |
| 653 ## - Ключова дума – ненормативна | |
| Ключова дума | българска история |
| 700 1# - Други автори (авторска отговорност) | |
| Лично име | Драганова, Тодорка |
| Автороска отговорност (Описва отношението между автора и произведението) | състав. |
| 9 (RLIN) | 367415 |
| 700 1# - Други автори (авторска отговорност) | |
| Лично име | Попова, Снежина |
| Автороска отговорност (Описва отношението между автора и произведението) | състав. |
| 9 (RLIN) | 317367 |
| 700 1# - Други автори (авторска отговорност) | |
| Лично име | Дойнов, Стефан |
| Автороска отговорност (Описва отношението между автора и произведението) | ред. |
| 9 (RLIN) | 367945 |
| 700 1# - Други автори (авторска отговорност) | |
| Лично име | Косев, Константин |
| Автороска отговорност (Описва отношението между автора и произведението) | предг. от |
| 9 (RLIN) | 366014 |
| 852 ## - Местоположение | |
| Форматна сигнатура | Цб 94182 |
| 856 4# - Електронен адрес и достъп | |
| Електронен формат | pdf - файл |
| Път до файла /url/ | |
| 856 4# - Електронен адрес и достъп | |
| Електронен формат | pdf - файл |
| Път до файла /url/ | |
| 942 ## - АРТИКУЛИ | |
| Вид на библиотечния материал | Книги |
| Скрит в OPAC | Не |
| 944 ## - СЪЗДАВАНЕ И РЕДАКЦИЯ на ЗАПИСА | |
| Създаване/Редакция | Създаване |
| Дата на регистрацията/редакция | 17.02.2012 |
| Статус, дата на статуса | Геновева Генчева |
| Служител, извършил регистрацията/редакцията | 30560 |
| 944 ## - СЪЗДАВАНЕ И РЕДАКЦИЯ на ЗАПИСА | |
| Създаване/Редакция | Редакция |
| Дата на регистрацията/редакция | 17.02.2012 |
| Статус, дата на статуса | 17.02.2012 - от С1,Р / 17.02.2012 |
| Служител, извършил регистрацията/редакцията | |
| 999 ## - СИСТЕМНИ КОНТРОЛНИ НОМЕРА | |
| Koha biblionumber | 122010 |
| Koha biblioitemnumber | 122010 |
| Код за отписване | Код за изгубен артикул | Източник на класификационната схема | Код за повреда | Коз за рестрикции | Код за отдаване | Артикулен № | Име на библиотеката - собственик | Име на библиотеката, в която се намира в момента | Статус (Текущо местоположение) | Дата на вписване в системата | Местоположение - отдел | Цена в лева | Инвентарен номер | Систематично азбучна сигнатура | Баркод | Номер на екземпляра | Цена в евро | Служебна бележка | Служебен тип на артикула |
|---|---|---|---|---|---|---|---|---|---|---|---|---|---|---|---|---|---|---|---|
| Не е изгубен | Universal Decimal Classification | Не е повреден | само за читалня | ползва се в читалня | 197319 | Регионална библиотека "Любен Каравелов" Русе | Регионална библиотека "Любен Каравелов" Русе | Хранилище | 1978-01-01 | Хранилище | 3.01 | 264520 | Цб 94182 | 120000264520 | 1 | 1.54 | N: стар фонд Дата: 01.01.1978 | Книги |